|
|
|
|
| LEADER |
00000naa2a2200000 4500 |
| 001 |
604006 |
| 005 |
20260205130802.0 |
| 035 |
|
|
|a (RuTPU)RU\TPU\conf\1256
|
| 035 |
|
|
|a RU\TPU\conf\1255
|
| 090 |
|
|
|a 604006
|
| 100 |
|
|
|a 20140214d2013 k y0rusy50 ca
|
| 101 |
0 |
|
|a rus
|
| 102 |
|
|
|a RU
|
| 135 |
|
|
|a drnn ---uucaa
|
| 181 |
|
0 |
|a i
|
| 182 |
|
0 |
|a b
|
| 200 |
1 |
|
|a Изучение пролиферативных характеристик ВЧ-магнетронных кальций-фосфатных покрытий на основе гидроксиапатита
|f М. В. Грибенников [и др.]
|
| 203 |
|
|
|a Текст
|c электронный
|
| 300 |
|
|
|a Заглавие с титульного экрана
|
| 320 |
|
|
|a [Библиогр.: с. 46 (7 назв.)]
|
| 337 |
|
|
|a Adobe Reader
|
| 463 |
|
1 |
|0 (RuTPU)RU\TPU\conf\67
|t Новые технологии создания и применения биокерамики в восстановительной медицине
|o материалы III Международной научно-практической конференции, 7-9 октября 2013 г.
|f Российская академия естественных наук (РАЕН) ; Российское керамическое общество ; Красноярский научный стоматологический центр ; Национальный исследовательский Томский политехнический университет (ТПУ), Институт физики высоких технологий (ИФВТ), Кафедра технологии силикатов и наноматериалов (ТСН) ; под ред. В. И. Верещагина и др.
|v [С. 41-46]
|d 2013
|
| 610 |
1 |
|
|a труды учёных ТПУ
|
| 610 |
1 |
|
|a электронный ресурс
|
| 610 |
1 |
|
|a пролиферативные характеристики
|
| 610 |
1 |
|
|a покрытия
|
| 610 |
1 |
|
|a гидроксиапатит
|
| 610 |
1 |
|
|a имплантаты
|
| 610 |
1 |
|
|a биоматериалы
|
| 701 |
|
1 |
|a Грибенников
|b М. В.
|
| 701 |
|
1 |
|a Никонова
|b Ю. А.
|
| 701 |
|
1 |
|a Селезнева
|b И. И.
|
| 701 |
|
1 |
|a Городжа
|b С. Н.
|c физик
|c инженер-исследователь Томского политехнического университета
|f 1989-
|g Светлана Николаевна
|3 (RuTPU)RU\TPU\pers\34956
|
| 701 |
|
1 |
|a Сурменева
|b М. А.
|c специалист в области материаловедения
|c инженер-исследователь Томского политехнического университета, старший научный сотрудник
|f 1984-
|g Мария Александровна
|3 (RuTPU)RU\TPU\pers\25832
|9 11705
|
| 701 |
|
1 |
|a Пичугин
|b В. Ф.
|c российский физик
|c профессор Томского политехнического университета, доктор физико-математических наук
|f 1944-
|g Владимир Федорович
|3 (RuTPU)RU\TPU\pers\25824
|
| 701 |
|
1 |
|a Грубова
|b И. Ю.
|c физик
|c инженер-исследователь Томского политехнического университета
|f 1989-
|g Ирина Юрьевна
|3 (RuTPU)RU\TPU\pers\30457
|9 14782
|
| 701 |
|
1 |
|a Сурменев
|b Р. А.
|c физик
|c старший научный сотрудник Томского политехнического университета, доцент, кандидат физико-математических наук
|f 1982-
|g Роман Анатольевич
|3 (RuTPU)RU\TPU\pers\25831
|9 11704
|
| 701 |
|
1 |
|a Иванова
|b А. А.
|c российский учёный в области теоретической и экспериментальной физики
|c инженер-исследователь Томского политехнического университета
|g Анна Александровна
|3 (RuTPU)RU\TPU\pers\28588
|
| 712 |
0 |
2 |
|a Национальный исследовательский Томский политехнический университет (ТПУ)
|b Физико-технический институт (ФТИ)
|b Кафедра теоретической и экспериментальной физики (ТиЭФ)
|3 (RuTPU)RU\TPU\col\18726
|
| 801 |
|
2 |
|a RU
|b 63413507
|c 20161209
|g RCR
|
| 856 |
4 |
|
|u http://www.lib.tpu.ru/fulltext/c/2013/C42/009.pdf
|
| 942 |
|
|
|c CF
|